00817cam a22002413a 450000100060000000300060000600500170001200800410002904000150007004200070008505000070009210000330009924501680013226000290030050600300032951600200035965300250037983000290040485600420043394200070047599900190048295200740050122832PGUSA20140828083503.0071002s2007||||xxu|||||s|||||000 | eng d aPGUSAbeng adc 4aNA1 aWithers, Hartley,d1867-195014aThe Cathedral Church of Canterbury [2nd ed.] :bA Description of Its Fabric and a Brief History of the Archiepiscopal Seeh[electronic resource] /cHartley Withers bProject Gutenberg,c2007 aPublic domain in the USA. aElectronic text aCanterbury Cathedral 0aProject Gutenbergv2283240uhttp://www.gutenberg.org/ebooks/22832 cEB c252087d252087 001040aGTBbGTBd2014-08-28l0r2014-08-28 00:00:00w2014-08-28yEB